000 00845nam a2200265 4500
003 OSt
005 20260601171005.0
008 260505b1990\\\\mx\a||||\||||\00|\0\spa\d
020 _a9688871826
040 _aICI
_bspa
_cICI
041 _aspa
050 _aNA6234
_bO4518
245 0 _aOficinas /
_cVers. castellana de Carlos Sáenz de valicourt
264 _aMéxico :
_aGustavo Gili,
_c1990
300 _a1 volumen (en varias paginaciones)
336 _atexto
_2rdacontent
337 _asin medio
_2rdamedia
338 _avolumen
_2rdacarrier
490 0 _aColeccion dimensiones en arquitectura
500 _aTraduccion de : the shape of space. office spaces
650 _aEdificios para oficinas
_932094
650 _aArquitectura |v Diseños y planos
_932095
700 1 _aSáenz de Valicourt, Carlos,
_etraductor
942 _2lcc
_cB
_n1
999 _c20238
_d20238